00322nam a2200121Ia 4500008004100000024001400041082001700055100001600072245002800088260002500116600002100141650003800162250506s9999 xx 000 0 und d a11B-52-BS a005.1072 ARE aAreeba Khan 0aCargo Managemnet System aKarachi:bUIT,c2011 aComputer Science aBachelor of Computer Science (BS)